000 00286nam a2200109Ia 4500
008 171211s9999 xx 000 0 und d
245 _aArt, Myth and Deviance
245 _cShlomo Giora Shoham
260 _c2006
650 _xART
856 _uhttp://down.ebook777.com/064/1904303889.pdf
999 _c348531
_d348531